Quiz - 100 pytań na temat III Rzeszy - Statystyki

Ogólne statystyki
  • Ten quiz został rozwiązany 439 razy
  • Średni wynik to 23 z 100
Statystyki odpowiedzi
Pytanie Odpowiedź % Poprawnych
Stolica III Rzeszy Berlin
99%
Przywódca partii Adolf Hitler
77%
W którym roku władze w Niemczech przejęli naziści? 1933
75%
Nazwa partii, która sprawowała totalitarną władzę w III Rzeszy Narodowosocjalistyczna Niemiecka Partia Robotników (NSDAP)
74%
Symbol tej partii Swastyka
71%
Niemiecka nazwa wodza Fuhrer
65%
W 1938 roku dokonano anschlusssu tego kraju Austria
58%
Ważne wydarzenie sportowe, które odbyło się w III Rzeszy Igrzyska Olimpijskie
54%
Kraj, który zaatakowały Niemcy rozpoczynając II wojnę światową Polska
48%
W 1939 roku naziści podporządkowali sobie to państwo Czechosłowacja
43%
Które miasto odwiedził Adolf Hitler wraz z Albertem Speerem po wygranej z Francją? Paryż
42%
Ten obszar został zremilitaryzowany w 1936 Nadrenia
40%
Plan ataku III Rzeszy na ZSRR Operacja Barbarossa
38%
Inna nazwa państwa Rzesza Wielkoniemiecka / Tysiącletnia Rzesza
38%
Miasto najbardziej kojarzone z nazistami Norymberga
36%
Państwo, które dołączyło do II wojny światowej po ataku Japonii i skierowało swoje siły do Europy? Stany Zjednoczone
36%
Przyszła nazwa tego miasta po wygranej wojnie Germania
34%
Po śmierci jakiego polityka Adolf Hitler przejął pełnię władzy? Paul von Hindenburg
34%
Państwa neutralne zaatakowane przez III Rzeszę w maju 1940 Belgia, Holandia
33%
Miasto, które zostało oblężone przez Niemców i pozostawało w blokadzie 2.5 roku Leningrad
33%
Nazwa sił powietrznych III Rzeszy Luftwaffe
32%
Paramilitarna formacja nazistowska uznana po wojnie za organizację zbrodniczą (skrót) SS
31%
Kto był największym wrogiem Niemiec według propagandy hitlerowskiej? Żydzi
31%
Gdzie powstał największy niemiecki obóz koncentracyjny? Auschwitz
30%
To imperium upadło w trakcie ataku Fall Gelb w 1940 Francja
30%
Policja polityczna III Rzeszy Gestapo
30%
Państwo sprzymierzone z Niemcami rządzone przez księdza Państwo słowackie
29%
Nazwa organizacji młodzieżowej w III Rzeszy Hitlerjugend
28%
Państwo sojusznicze III Rzeszy, które uzyskało terytoria kosztem Czechosłowacji, Rumunii i Jugosławii Węgry
28%
Państwo które poddało się po jednodniowej kampanii Luksemburg
27%
Litewskie terytorium włączone do III Rzeszy w 1939 Okręg Kłajpedy
27%
Siedziba tworu państwowego powstałego po upadku Francji Vichy
27%
Kierunek ataku III Rzeszy po klęskach Włochów w 1941 Bałkany
26%
Pakt podpisany między III Rzeszą, a ZSRR Pakt Ribbentrop-Mołotow
25%
Bojówka partii nazistowskiej (skrót) SA
25%
Jeden z najbardziej rozpoznawalnych czołgów niemieckich Tygrys / Pantera
25%
Gdzie dokonano zamachu na Hitlera w wyniku spisku? Wilczy Szaniec
25%
Nieformalny sojusznik III Rzeszy w ataku na Związek Radziecki Finlandia
24%
Nazwa sił morskich III Rzeszy Kriegsmarine
24%
Państwo na Bałkanach sprzymierzone z III Rzeszą, w której władzę przejęli ustasze Niepodległe Państwo Chorwackie
24%
Działania prowadzone między III Rzeszą, a aliantami w 1939 Dziwna wojna
23%
Państwo faszystowskie sympatyzujące z III Rzeszą, które nigdy nie dołączyło do formalnego sojuszu Hiszpania
23%
Nazwa zagłady tego narodu Holocaust
23%
Sojusznik III Rzeszy, który uzyskał terytorium kosztem Jugosławii i Grecji Bułgaria
22%
Powstanie przeciwko III Rzeszy, które wybuchło 1 sierpnia 1944 roku Powstanie Warszawskie
22%
Grupa ludów mieszkająca na wschodzie uznana przez Niemców za podludzi Słowianie
22%
Nazwa sił zbrojnych III Rzeszy Wehrmacht
22%
Liczba zamordowanych w jego wyniku 6 mln
21%
Oddziały niemieckie walczące w Afryce Afrika Korps
21%
Ogólna nazwa sojuszników Niemiec Państwa Osi
21%
Jedna z ważniejszych bitew tamtej operacji Bitwa o Narwik
19%
Okrzyk w III Rzeszy Heil Hitler!
19%
Państwo, które głównie zaopatrywało III Rzeszę w ropę naftową Rumunia
19%
Gdzie powstał pierwszy niemiecki obóz koncentracyjny? Dachau
18%
Pogrom w Niemczech w 1938 Noc kryształowa
18%
Powstały w wyniku tego protektorat Protektorat Czech i Moraw
18%
Specyfik, z którego Niemcy korzystali w obozach koncentracyjnych Cyklon B
16%
Nazwa tworu powstałego na ziemiach dawnej II Rzeczpospolitej niewłączonych bezpośrednio do III Rzeszy Generalne Gubernatorstwo
16%
Miasto niemieckie, które zostało zbombardowane przez wojska alianckie w lutym 1945 Drezno
15%
Ten obszar włączono po układzie monachijskim Sudetenland
14%
Pierwsze podczas władzy nazistów przyłączone terytorium w 1935 roku Terytorium Saary
14%
Najważniejszy architekt Hitlera, minister zbrojeń, zbrodniarz wojenny Albert Speer
13%
Największa klęska III Rzeszy, która przesądziła o przegranej z ZSRR Bitwa pod Stalingradem
13%
Nazwa ataku na Polskę Fall Weiss
13%
Szef Schutzstaffel, zbrodniarz wojenny będący współautorem Holocaustu Heinrich Himmler
13%
Propagandowa nazwa na przyłączane terytoria na wschodzie Lebensraum
13%
Land, który przed II wojną światową był oddzielony od Niemiec tzw. korytarzem Prusy Wschodnie
13%
Broń budowana przez Niemców pod koniec wojny, która miało odwrócić losy wojny Wunderwaffe
13%
Minister propagandy, późniejszy kanclerz III Rzeszy, zbrodniarz wojenny Joseph Goebbels
12%
Pakt podpisany między Japonią, Włochami i Niemcami Pakt trzech
12%
Największa bitwa pancerna wszechczasów Bitwa pod Kurskiem
11%
Minister spraw zagranicznych, podpisał pakt o nieagresji z ZSRR, zbrodniarz wojenny Joachim von Ribbentrop
11%
Pakt skierowany przeciwko ZSRR Pakt antykominternowski
11%
Linia umocnień we Francji wybudowana przez Niemców na wypadek ataku aliantów Wał Atlantycki
11%
Przeniesiono tam Kwaterę Główną w 1945 Fuhrerbunkier w Berlinie
10%
Marszałek III Rzeszy, dowódca sił powietrznych III Rzeszy, zbrodniarz wojenny Hermann Goring
10%
Drugi hymn III Rzeszy Horst Wessel Lied
10%
Niemiecka linia umocnień na granicy Niemiec i Francji Linia Zygfryda
10%
Nazwa rozliczenia największych zbrodniarzy III Rzeszy Procesy norymberskie
10%
Państwo powstałe na terenie Półwyspu Apenińskiego po zmianie stron Królestwa Włoch i obaleniu Mussoliniego wspierane przez wojska hitlerowskie Włoska Republika Socjalna
10%
Dokładna data tego ataku 22 czerwiec 1941
9%
Naczelny dowódca sił morskich, późniejszy prezydent III Rzeszy, zbrodniarz wojenny Karl Donitz
9%
Ostatnia duża ofensywna operacja III Rzeszy na froncie zachodnim Ofensywa w Ardenach
9%
Pakt podpisany między Włochami, a Niemcami Pakt stalowy
9%
Osobisty sekretarz Hitlera, w 1941 poleciał do Wielkiej Brytanii i został uznany za "obłąkanego" Rudolf Hess
9%
Szef kancelarii, sekretarz Hitlera po 1941 Martin Bormann
7%
Gdzie znajdowała się najdalej wysunięta na wschód Kwatera Główna Hitlera? Winnica na Ukrainie
7%
Data samobójczej śmierci Adolfa Hitlera 30 kwiecień 1945
6%
Data kapitulacji Wehrmachtu 8 maj 1945
6%
Oficjalny hymn państwowy Deutschlandlied
6%
Niemiecki feldmarszałek, podpisał akt kapitulacji w 1945, zbrodniarz wojenny Wilhelm Keitel
6%
Siedziba ostatniego rządu III Rzeszy Flensburg
4%
Bardzo zaawansowana broń rakietowa Niemców Rakieta V-2
4%
Trujący gaz stworzony przez Niemców Sarin
4%
Gest wykonywany w III Rzeszy (tzw. pozdrowienie hitlerowskie) Hitlergruss / hajlowanie
3%
Plan ataku III Rzeszy na kraje skandynawskie (Danię i Norwegię) Operacja Weserubung
3%
Podwodna flota III Rzeszy U-Bootwaffe
3%
Nazwa administracji na podbitych terenach ZSRR Komisariat Rzeszy
2%
Ważny budynek administracyjny III Rzeszy powstały w latach 1938-1939 Nowa Kancelaria Rzeszy
2%
Przywódca nazistowskiej młodzieżówki, zbrodniarz wojenny Artur Axmann
1%
Nie znaleziono quizów pasujących do podanych kryteriów
Rozkład punktacji
Procent ludzi z każdym wynikiem
Percentyl według liczby udzielonych odpowiedzi
Twoja historia wyników
Nie rozwiązałeś tego quizu